000 00345nam a2200133 i 4500
001 bg
100 1 _aPORĘBSKA, M.
245 0 _aOsobowość i jej kształtowanie się w dzieciństwie i młodości /
_cM. Porębska.
260 _aWarszawa,
_c1982.
040 _cBPK
041 _apol
942 _cKS
008 s pl f |000 0 pol
999 _c21797
_d21797
856 _uhttp://koha.tu.koszalin.pl/cgi-bin/koha/opac-detail.pl?biblionumber=21797
_yKatalog online BPK